Историја Србије — тачно или нетачно? - Statistics

General Stats
  • This quiz has been taken 106 times
  • The average score is 8 of 15
Answer Stats
Question Answer % Correct
Српски деспоти су носили ову титулу јер су владали из Деспотовца. Нетачно
86%
У време пада Србије под Османлије, њена престоница био је Београд. Нетачно
78%
Цар Душан је преотео власт од свог оца на силу. Тачно
77%
Доситеј Обрадовић је један део свог живота био монах. Тачно
63%
Вук Караџић и Ђуро Даничић превели су Библију на српски народни језик. Тачно
61%
Стефан Немања је 1196. године крунисан као први краљ Рашке. Нетачно
60%
Чувени "Говор на Газиместану" Слободана Милошевића одржао се 1989. године. Тачно
56%
Југославија наставила је да постоји све до 2006. године. Нетачно
54%
Формални преговори између Срба и Хрвата о стварању Југославије почели су за време Првог светског рата. Тачно
53%
Партизани су ослободили Југославију од нацистичке окупације већ почетком 1944. године. Нетачно
47%
Владари нововековне Србије постали су краљеви тек повратком Карађорђевића на власт. Нетачно
44%
Сеча кнезова 1804. почињена је по налогу османског султана. Нетачно
42%
Од пада Србије под Османлије, до Првог српског устанка, није постојала ни једна држава звана Србија. Нетачно
38%
За време Српско-турског рата 1876. године, кнез Србије био је Михаило Обреновић. Нетачно
36%
Стефан Првовенчани се борио против Латинског цара. Тачно
26%
No matching quizzes found
Score Distribution
Percent of People with Each Score
Percentile by Number Answered
Your Score History
You have not taken this quiz